| 000 | 01054cam a2200217 4500 | ||
|---|---|---|---|
| 001 | WB3940-12 | ||
| 008 | 031021n2003 000 0 eng u | ||
| 035 | _a(Sirsi) u123955 | ||
| 245 | _aConsultation on mines and quarries | ||
| 260 | _c2003 | ||
| 490 |
_aScottish Executive News Release _v 21 October 2003, (2) |
||
| 520 | _aScottish Executive is seeking views on how to improve arrangements for monitoring mineral extraction from Scotland's open cast mines and quarries. A consultation paper has been launched and this explores four options for a new fees regime for mine and quarry operators. These include a fee based on the size of the site being worked or a fee based on the expected or actual output of the site. For the Scottish Executive News Release: http://www.scotland.gov.uk/pages/news/2003/10/SEc331.aspx | ||
| 590 | _aWB | ||
| 650 | _aOPEN CAST MINING | ||
| 650 | _aQUARRIES | ||
| 650 | _aLOCAL PLANNING AUTHORITIES | ||
| 650 | _aMINE SURVEYING | ||
| 650 | _aCONSULTATION PAPER | ||
| 690 | _aMINING AND MINERALS | ||
| 942 | _n0 | ||
| 999 |
_c73612 _d73612 |
||